Highest GDP Per Capita Countries by Clue - Statistics

General Stats
  • This quiz has been taken 33 times
  • The average score is 8 of 10
Answer Stats
GDP per capita (US$) Clue Country % Correct
169,260 One of the two double landlocked countries Liechtenstein
93%
101,109 Island country with around 30,000 castles Ireland
89%
234,317 Most densely populated sovereign state Monaco
89%
93,525 Birthplace of the Red Cross Switzerland
89%
133,745 Its capital is one of the four institutional seats of the EU Luxembourg
86%
76,399 Where the richest man in the world is a citizen of United States of America
86%
89,242 Has the second longest coastline in the world Norway
71%
72,903 Known for having no mosquitoes Iceland
64%
88,046 Has a gender ratio of almost 300 males per 100 females Qatar
64%
82,808 Increased its area by 25% through land reclamation projects Singapore
64%
No matching quizzes found
Score Distribution
Percent of People with Each Score
Percentile by Number Answered
Your Score History
You have not taken this quiz